000 00668nam a2200157 a 4500
090 _aLB
_b05475
041 _aspa
100 _aAndrés, Pilar
_992641
111 _aCurso Internacional de restauración ecológica de áreas degradadas por minería a cielo abierto
_cBogotá
_d2008
_n2
_992642
245 _aRestauración ecológica
_bObjetivos y aspectos generales
249 _aRestauración ecológica de áreas degradadas por minería a cielo abierto en Colombia
260 _aBogotá
_bPontificia Universidad Javeriana
_c2009
300 _a21-33 p.
773 _tRestauración ecológica de áreas degradadas por minería a cielo abierto en Colombia
942 _cIMPRESO
999 _c6855
_d6855